Reinžiniering a teória manažmentu

Pojem reinžiniering v teórii a praxi manažmentu. Klasická koncepcia reinžinieringu (Michael Hammer, James Champy v práci Re-engineering the Corporation). Hlavné teoretické zdroje koncepcie reinžinieringu. Reinžiniering a podniková stratégia. Reinžiniering a manažment zmien. Reinžiniering v podnikoch...

Descrizione completa

Salvato in:
Dettagli Bibliografici
Autore principale: Šestáková, Monika
Natura: Capitolo di libro
Lingua:slovacco
Soggetti:
Tags: Aggiungi Tag
Nessun Tag, puoi essere il primo ad aggiungerne!!

MARC

LEADER 00000naa a2200000 4500
001 r030689
005 20230921122934.1
041 0 |a slo 
044 |a SK 
245 1 0 |a Reinžiniering a teória manažmentu  |c Monika Šestáková 
520 |a Pojem reinžiniering v teórii a praxi manažmentu. Klasická koncepcia reinžinieringu (Michael Hammer, James Champy v práci Re-engineering the Corporation). Hlavné teoretické zdroje koncepcie reinžinieringu. Reinžiniering a podniková stratégia. Reinžiniering a manažment zmien. Reinžiniering v podnikoch na Slovensku. 
610 2 0 |a reengineering 
610 2 0 |a manažment 
610 2 0 |a pojmy 
610 2 0 |a teória riadenia 
610 2 0 |a teórie ekonomické 
610 2 0 |a stratégia podniková 
610 2 0 |a zmeny organizačné 
610 2 0 |a podnik 
610 2 0 |a Hammer, E. 
610 2 0 |a Champy, J. 
100 1 |a Šestáková, Monika